| 000 | 00754nam a2200193Ia 4500 | ||
|---|---|---|---|
| 999 |
_c10345 _d10345 |
||
| 005 | 20240115093045.0 | ||
| 008 | 240113s9999 xx 000 0 und d | ||
| 040 |
_aUPAN _cBiblioteca San Vicente _eRCAA2 |
||
| 041 | _aspa | ||
| 082 |
_a345.05 _bAlf _c2003 |
||
| 100 |
_aAlfaro Cañas, Fátima Mesalia _4aut. |
||
| 245 | 0 | _aEl recurso de Apelación en el nuevo proceso penal y su incidencia en las resoluciones emitidas en el Juzgado de Paz de Nueva San Salvador en el periodo de Enero a Junio del 2003. | |
| 260 |
_aSan Salvador: _bUniversidad Panamericana, _c2003 |
||
| 300 |
_a130 p.; _c28 cm. |
||
| 650 |
_2LEMB _aRecurso de apelación |
||
| 700 |
_aTobar de Lemus, Dina _4aut. |
||
| 700 |
_aLandaverde, Carlos Alberto _4aut. |
||
| 942 |
_cBK _2ddc |
||